Legis Romanae Wisigothorum fragmenta ex Codice Palimpsesto Sanctae legionensis ecclesiae / (Record no. 157677)

MARC details
000 -LEADER
campo de control de longitud fija 00986nam a22002415i 4500
001 - NÚMERO DE CONTROL
campo de control 157677
003 - IDENTIFICADOR DE NÚMERO DE CONTROL
campo de control ES-MaACL
005 - FECHA Y HORA DE LA ÚLTIMA TRANSACCIÓN
campo de control 20230906210815.0
008 - DATOS DE LONGITUD FIJA--INFORMACIÓN GENERAL
campo de control de longitud fija 940202s1896 sp |||| | lat d
040 ## - FUENTE DE CATALOGACIÓN
Centro catalogador/agencia de origen CYL
Lengua de catalogación spa
130 0# - ENTRADA PRINCIPAL--TÍTULO UNIFORME
Título uniforme Lex Romana Visigothorum.
9 (RLIN) 135329
245 10 - MENCIÓN DEL TÍTULO
Título Legis Romanae Wisigothorum fragmenta ex Codice Palimpsesto Sanctae legionensis ecclesiae /
Mención de responsabilidad, etc. protulit illustravit ac sumptu publico edidit Regia Historiae Academia Hispana.
260 ## - PUBLICACIÓN, DISTRIBUCIÓN, ETC.
Lugar de publicación, distribución, etc. Matriti :
Nombre del editor, distribuidor, etc. apud Ricardum Fe, Regiae Academiae Typographum,
Fecha de publicación, distribución, etc. 1896.
300 ## - DESCRIPCIÓN FÍSICA
Extensión [6], XXVII, 439 p. ;
Dimensiones 37 cm.
595 #1 -
-- Facsimil del codex palimpseto en las p. del verso, y la interpretación en las del recto.
597 #1 - NOTA DE DESCRIPCIÓN FÍSICA
NOTA DE DESCRIPCIÓN FÍSICA Antep. a dos tintas.
597 #1 - NOTA DE DESCRIPCIÓN FÍSICA
NOTA DE DESCRIPCIÓN FÍSICA Port. a dos tintas.
597 #1 - NOTA DE DESCRIPCIÓN FÍSICA
NOTA DE DESCRIPCIÓN FÍSICA Signaturizado.
650 #4 - PUNTO DE ACCESO ADICIONAL DE MATERIA--TÉRMINO DE MATERIA
Término de materia o nombre geográfico como elemento de entrada Visigodos-
Subdivisión general Derecho y legislación.
9 (RLIN) 136991
710 2# - ENTRADA AGREGADA--NOMBRE DE ENTIDAD CORPORATIVA
Nombre de entidad corporativa o nombre de jurisdicción como elemento de entrada Real Academia de la Historia (España)
9 (RLIN) 6309
752 ## - ENTRADA AGREGADA--NOMBRE JERÁRQUICO DEL LUGAR
País o entidad superior España -
Ciudad Madrid
852 ## - LOCALIZACIÓN
Ubicación ES-MaACL
Número de control de estantería B-65
Nota libre -- Enc. pasta
Holdings
Estatus retirado Estado de pérdida Estado de daño No para préstamo Colección Biblioteca de origen Biblioteca actual Ubicación en estantería Fecha de adquisición Fuente de adquisición Total de préstamos Signatura topográfica completa Código de barras Visto por última vez Precio de reemplazo Tipo de ítem Koha
        Libros del s. XIX Biblioteca del Ateneo de Madrid Biblioteca del Ateneo de Madrid Sala Pardo Bazán 17/01/2008     B-65 1165005 23/02/2023 23/02/2023 Libro impreso antiguo